| 000 | 01058cam a22002535a 4500 | ||
|---|---|---|---|
| 001 | L139045 | ||
| 002 | 16860 | ||
| 008 | 070720s2007 xxkabd f 001 0 eng d | ||
| 020 | _a9780754647898 | ||
| 035 | _a(Sirsi) u139045 | ||
| 041 | 0 | _aeng | |
| 050 | 0 | 4 |
_a711 $2 18 _a307.1216 |
| 100 | 1 | _aMontgomery, John | |
| 245 | 0 | 4 |
_aThe new wealth of cities _bcity dynamics and the fifth wave |
| 260 |
_aAldershot _bAshgate _c2007 |
||
| 300 |
_axxviii, 437p. _bill. _c24cm. |
||
| 350 | _a52.25 | ||
| 505 | 2 | _aTheory -- Economy -- Culture -- Time -- Place -- Creative milieux -- Summary and conclusion. | |
| 520 | _aConsiders how cities work in relation to the long cycles of economic development. It suggests that a new wave of wealth creation - the fifth wave- built on new technologies and new industries is just getting underway in the Western world. The book focuses on what effect this will have on cities and city regions and how they should react. | ||
| 590 | _aka | ||
| 651 | 4 | _aInternational | |
| 690 | _aPROPERTY-PROPERTY DEVELOPMENT | ||
| 942 | _n0 | ||
| 999 |
_c107269 _d107269 |
||